Countries with Chimpanzees - Statistics

General Stats
  • This quiz has been taken 62 times
  • The average score is 14 of 18
Answer Stats
Continent Country % Correct
Africa Democratic Republic of the Congo
100%
Africa Republic of the Congo
100%
Africa Cameroon
89%
Africa Uganda
89%
Africa Nigeria
87%
Africa Tanzania
87%
Africa Gabon
84%
Africa Central African Republic
82%
Africa Senegal
82%
Africa Ghana
80%
Africa Guinea
78%
Africa Sierra Leone
76%
Africa Burundi
73%
Africa Liberia
73%
Africa Equatorial Guinea
69%
Africa South Sudan
69%
Africa Mali
67%
Africa Ivory Coast
64%
No matching quizzes found
Score Distribution
Percent of People with Each Score
Percentile by Number Answered
Your Score History
You have not taken this quiz